| 000 | 05564cam a2201237Mi 4500 | ||
|---|---|---|---|
| 003 | PE-LiUPU | ||
| 005 | 20250813185324.0 | ||
| 008 | 120907s2012 sp 000 0 spa d | ||
| 020 | _a9789871775095 | ||
| 020 | _a9871775091 | ||
| 035 | _a(Sirsi) i9789871775095 | ||
| 040 |
_aPE-LiUPU _bspa _cPE-LiUPU _erda |
||
| 049 | _aPRUA | ||
| 082 | 0 | 4 |
_a343.8 _bG24 _220 |
| 100 | 1 |
_aGarcía Novoa, César, _eautor. |
|
| 245 | 1 | 3 |
_aEl concepto de tributo / _cCésar García Novoa. |
| 300 |
_a349 páginas ; _c24 centímetros |
||
| 336 |
_atext _2rdacontent |
||
| 337 |
_aunmediated _2rdamedia |
||
| 338 |
_avolume _2rdacarrier |
||
| 500 | _aDescrito en base a una bibliografía. | ||
| 504 | _aBibliografía : páginas 333-351. | ||
| 505 | _a Introducción. El tributo en la historia -- El derecho financiero y tributario. Objeto y autonomía científica -- Excursus. El derecho como objeto de conocimiento científico -- Del derecho financiero al derecho tributario. La singularidad del tributo como objeto de una rama científica -- El tributo. Concepto e instituto -- La constitucionalización del fenómeno financiero-tributario -- La concepción clásica del tributo en el estado constitucional de derecho -- Las tres líneas discursivas en la definición de la función del tributo en la actualidad -- El tributo en el marco de la redistribución del modelo estado social de derecho -- El tributo como límite a las libertades económicas. Los ordenamientos supranacionales y el derecho europeo -- La internacionalización del contexto tributario. Las nuevas fuentes internacionales del derecho tributario frente a la constitución. Convenios internacionales contra a doble imposición -- El debate sobre la viabilidad de una definición constitucional de tributo -- Notas diferenciadoras del tributo. El tributo como prestación patrimonial coactiva -- El concepto de prestación patrimonial de carácter público -- La ley como instrumento de coacción. La legalidad y la tipicidad tributaria -- El caráter contributivo. La influencia de la capacidad contributiva -- La prestación tributaria consiste en una cesión definitiva de riqueza -- La exigencia de la intervención de un entre público como perceptor -- El Tributo no tiene como finalidad sancionar un ilícito -- La integración del tributo en un sistema. La relevancia del concepto de sistema tributario -- Clases de tributo. Contenido y superación de la clasificación tripartita. El caso español -- La preferencia por la figura del impuesto -- Evolución de la estructura de los impuestos más importaciones del sistema -- El reto de las simplificación del sistema impositivo. La introducción de impuestos objetivos para las pequeñas empresas -- La tasa como tributo -- Las contribuciones especiales - La necesaria reconducción de las demás categorías a la clasificación tripartita. Prevalencia de las sustancia sobre el nomen iuris. Algunos ejemplos -- Precios públicos. Especial referencia al derecho español -- La figura del canon en España -- El uso extrafiscal de los tributos -- Superación de la estructura imperativa del tributo. Tributos de case negocial. Especial referencia a las subastas -- Cotizaciones sociales -- La afectación del tributo y el fenómeno de la parafiscalidad -- Conclusión. El concepto de tributo hoy en día. | ||
| 526 | _aP202 | ||
| 526 | _aP201 | ||
| 526 | _aP163 | ||
| 526 | _aP162 | ||
| 526 | _aP161 | ||
| 526 | _aP160 | ||
| 526 | _aP148 | ||
| 526 | _aP147 | ||
| 526 | _aP146 | ||
| 526 | _aP145 | ||
| 526 | _aP144 | ||
| 526 | _aP143 | ||
| 526 | _aP142 | ||
| 526 | _aP141 | ||
| 526 | _aP140 | ||
| 526 | _aP139 | ||
| 526 | _aP138 | ||
| 526 | _aP137 | ||
| 526 | _aP136 | ||
| 526 | _aP135 | ||
| 526 | _aP134 | ||
| 526 | _aP133 | ||
| 526 | _aP129 | ||
| 526 | _aP128 | ||
| 526 | _aP127 | ||
| 526 | _aP120 | ||
| 526 | _aP119 | ||
| 526 | _aP118 | ||
| 526 | _aP116 | ||
| 526 | _aP115 | ||
| 526 | _aP114 | ||
| 526 | _aP110 | ||
| 526 | _aP109 | ||
| 526 | _aP108 | ||
| 526 | _aP104 | ||
| 526 | _aP103 | ||
| 526 | _aP102 | ||
| 526 | _aP99 | ||
| 526 | _aP98 | ||
| 526 | _aP97 | ||
| 526 | _aP96 | ||
| 526 | _aP95 | ||
| 526 | _aP93 | ||
| 526 | _aP90 | ||
| 526 | _aP89 | ||
| 526 | _aP88 | ||
| 526 | _aP83 | ||
| 526 | _aP82 | ||
| 526 | _aP62 | ||
| 526 | _aP59 | ||
| 526 | _aP58 | ||
| 526 | _aP57 | ||
| 526 | _aP51 | ||
| 526 | _aP49 | ||
| 526 | _aP48 | ||
| 526 | _aP47 | ||
| 526 | _aP29 | ||
| 526 | _aP24 | ||
| 526 | _aP20 | ||
| 526 | _aP19 | ||
| 526 | _aP17 | ||
| 526 | _aP15 | ||
| 526 | _aP14 | ||
| 526 | _aP12 | ||
| 526 | _aP10 | ||
| 526 | _aP09 | ||
| 526 | _aP08 | ||
| 526 | _aP07 | ||
| 526 | _aP06 | ||
| 526 | _aP05 | ||
| 526 | _aP04 | ||
| 526 | _aP01 | ||
| 541 | _g001-040346; | ||
| 650 | 0 | 4 | _aDerecho fiscal. |
| 650 | 0 | 4 | _aImpuestos. |
| 653 | _aDerecho fiscal. | ||
| 942 |
_2ddc _cBOOK |
||
| 949 |
_a343.8 G24 _wDEWEY _c1 _i73293 _lCCODEBUL1 _mBUL _p72.02 _r0 _sY _tBOOK _u2016-5-23 _xFCE _PP08 _0COMPRA _o.STAFF. CIRCNOTE. El documento es de alto precio. _o.STAFF. Colección General |
||
| 994 |
_aC0 _bPEPRU |
||
| 596 | _a1 | ||
| 999 |
_a343.8 G24 _wDEWEY _c9441 _i73293 _d9441 _e2017-5-4 _f2021-11-5 _g6 _lCCODEBUL1 _mBUL _n1 _p72.02 _q2 _r0 _sY _tBOOK _u2016-5-23 _xFCE _PP08 _0COMPRA _o.STAFF. CIRCNOTE. El documento es de alto precio. _o.STAFF. Colección General |
||
| 264 |
_aBuenos Aires : _bMarcial Pons Argentina, _c2012. |
||
| 980 |
_81 _gALBERTO SANCHEZ Responsable de Automatización |
||